Rhode Island Basketball: Top 10 All-Time Leaders - Statistics

General Stats
  • This quiz has been taken 6 times
    4 since last reset
  • The average score is 19 of 90
Answer Stats
Category # Player Amount % Correct
Steals 10 Dawan Robinson 151
67%
Assists 6 Fatts Russell 411
67%
Steals 1 Fatts Russell 213
67%
Three Pointers Made 7 Fatts Russell 163
67%
Rebounds 7 Hassan Martin 786
67%
Blocks 2 Hassan Martin 320
67%
Field Goal Percent 1 Hassan Martin 57.9%
67%
Points 6 Jared Terrell 1,754
67%
Steals 6 Jared Terrell 170
67%
Three Pointers Made 4 Jared Terrell 192
67%
Games T2 Jared Terrell 134
67%
Assists 3 Jeff Dowtin 473
67%
Games T6 Jeff Dowtin 128
67%
Points 9 Kenny Green 1,724
67%
Rebounds 4 Kenny Green 996
67%
Blocks 1 Kenny Green 335
67%
Field Goal Percent 5 Kenny Green 52.1%
67%
Points 4 Sly Williams 1,777
67%
Field Goal Percent 6 Sly Williams 49.6%
67%
Points Per Game 2 Sly Williams 21.2
67%
Points 1 Carlton Owens 2,111
33%
Assists 2 Carlton Owens 502
33%
Steals 7 Carlton Owens 168
33%
Rebounds 5 Cyril Langevine 964
33%
Blocks 4 Cyril Langevine 166
33%
Games T6 Cyril Langevine 128
33%
Points 3 E.C. Matthews 1,899
33%
Three Pointers Made 3 E.C. Matthews 222
33%
Games T6 E.C. Matthews 128
33%
Points 8 Horace Owens 1,750
33%
Assists 8 Jarvis Garrett 398
33%
Assists 4 Marquis Jones 459
33%
Steals 8 Marquis Jones 164
33%
Games T2 Marquis Jones 134
33%
Points 2 Tyson Wheeler 1,918
33%
Assists 1 Tyson Wheeler 712
33%
Steals 4 Tyson Wheeler 205
33%
Three Pointers Made 2 Tyson Wheeler 302
33%
Three Pointers Made T8 Abdul Fox 156
0%
Three Pointers Made T8 Akeem Richmond 156
0%
Steals 5 Andre Samuel 177
0%
Rebounds 3 Antonio Reynolds-Dean 1,028
0%
Blocks 3 Antonio Reynolds-Dean 235
0%
Games 4 Antonio Reynolds-Dean 131
0%
Rebounds 1 Art Stephenson 1,048
0%
Field Goal Percent 2 Art Stephenson 54.5%
0%
Points Per Game 9 Art Stephenson 18.5
0%
Points Per Game 10 Bill Baird 18.1
0%
Points Per Game 5 Bill Von Weyhe 19.4
0%
Blocks 6 Bonzie Colson 144
0%
Assists 5 Carlos Easterling 420
0%
Blocks 7 Chris Scotti 133
0%
Field Goal Percent 4 Dennis McGovern 52.8%
0%
Points Per Game 6 Dennis McGovern 19.3
0%
Three Pointers Made 6 Dustin Hellenga 172
0%
Points Per Game 4 Eric Leslie 19.6
0%
Rebounds 2 Gary Koenig 1,039
0%
Points 5 Jimmy Baron 1,765
0%
Three Pointers Made 1 Jimmy Baron 361
0%
Games 10 Jimmy Baron 126
0%
Rebounds 8 Jimmy Wright 773
0%
Blocks 8 Jimmy Wright 121
0%
Field Goal Percent 7 Jimmy Wright 48.8%
0%
Rebounds 10 John Fultz 744
0%
Field Goal Percent 9 John Fultz 48.3%
0%
Points Per Game 3 John Fultz 20.5
0%
Rebounds 6 Kahiem Seawright 869
0%
Blocks 10 Kahiem Seawright 110
0%
Games 9 Kahiem Seawright 127
0%
Steals T2 Keith Cothran 207
0%
Games 1 Lamonte Ulmer 136
0%
Blocks 9 Makhel Mitchell 113
0%
Rebounds 9 Marc Upshaw 763
0%
Steals 9 Marc Upshaw 154
0%
Blocks 5 Michael Andersen 149
0%
Assists 9 Parfait Bitee 331
0%
Three Pointers Made 10 Parfait Bitee 149
0%
Assists 10 Preston Murphy 324
0%
Three Pointers Made 5 Preston Murphy 183
0%
Games 5 Preston Murphy 129
0%
Points Per Game 7 Ronnie Marozzi 18.6
0%
Field Goal Percent 8 Stan Wright 48.4%
0%
Points 7 Steve Chubin 1,751
0%
Points Per Game 1 Steve Chubin 21.9
0%
Field Goal Percent 10 Steve Rowell 48.2%
0%
Points Per Game 8 Steve Rowell 18.6
0%
Field Goal Percent 3 Tavorris Bell 53.7%
0%
Assists 7 Tom Garrick 407
0%
Steals T2 Tom Garrick 207
0%
Points 10 Will Daniels 1,678
0%
No matching quizzes found
Score Distribution
Percent of People with Each Score
Percentile by Number Answered
Your Score History
You have not taken this quiz since the last reset